000 00415nam a22001697a 4500
003 SEACOMMC
005 20231110050142.0
008 231110b |||||||| |||| 00| 0 eng d
020 _c$ 5.00
040 _aSEACOMMC
082 _a570.28
_bWEB
100 1 _aWebster, John G.
245 1 _aBio-instrumentation
_cEdited by John G. Webster
260 _aSingapore
_bJohn Wiley
_c2004
650 _aBiology
942 _cBOOK
999 _c364
_d364